000 00728cam a2200241 a 4500
001 000018449
005 20200929165817.0
008 930616s1993 nyu 000 1 eng d
020 _a0449221563
040 _aDO-SdBNP
_beng
_cLC
_dBNPHU
082 _a823.912
_bC524d
100 1 _aChesney, Marion.
_939930
245 1 4 _aThe desirable duchess /
_cMarion Chesney.
260 _aNew York :
_bFawcett Crest,
_c1993.
300 _a170 p. ;
_c18 cm.
490 1 _aA Regency Romance
586 _a"Ganador del premio Times Award for Outstanding".
650 4 _aNovela inglesa
_91071
650 4 _aLiteratura inglesa
_2gsafd
_9498
830 0 _aA Regency Romance
_939931
910 _aCatalogación derivada / LC
049 _aBNGR
999 _c17969
_d17969